[Event "Muenster Bezirksliga 0506"]
[Site "Muenster"]
[Date "2005.10.29"]
[Round "2.3"]
[White "Waeltermann, Thomas"]
[Black "Speer, Dominik"]
[Result "1-0"]
[WhiteElo "1738"]
[BlackElo "1820"]
[PlyCount "52"]
[EventDate "2005.09.10"]
[EventType "team"]
[EventRounds "9"]
[EventCountry "GER"]
[SourceTitle "EXT 2007"]
[Source "ChessBase"]
[SourceDate "2006.11.23"]
[SourceVersion "1"]
[SourceVersionDate "2006.11.23"]
[SourceQuality "1"]
[WhiteTeam "Beelen"]
[BlackTeam "Hiltrup"]
[WhiteTeamCountry "GER"]
[BlackTeamCountry "GER"]

1. e4 e5 2. f4 exf4 3. Nf3 d6 4. Bc4 Be6 5. Qe2 c6 6. Nc3 Be7 7. 0-0 g5 8. d4 h5 9. d5 Bg4 10. e5 dxe5 11. Qxe5 f6 12. Qe4 Kf8 13. Rd1 Bc5+ 14. Kh1 Qe8 15. Qd3 Bxf3 16. Qxf3 Ne7 17. Ne4 cxd5 18. Nxf6 Qc6 19. Nxd5 Na6 20. Qc3 Rh6 21. b4 Nxd5 22. Rxd5 Bxb4 23. Qe5 Be7 24. Ba3 Rh7 25. Bb5 Kg8 26. Bxc6 bxc6 1-0

[Event "Muensterland Verbandsliga 0304"]
[Site "Germany"]
[Date "2004.04.24"]
[Round "9.8"]
[White "Speer, Dominik"]
[Black "Wuestnienhaus, Andreas"]
[Result "1/2-1/2"]
[WhiteElo "1804"]
[BlackElo "1919"]
[PlyCount "40"]
[EventDate "2003.09.27"]
[EventType "team"]
[EventRounds "9"]
[EventCountry "GER"]
[SourceTitle "EXT 2005"]
[Source "ChessBase"]
[SourceDate "2004.11.15"]
[SourceVersion "1"]
[SourceVersionDate "2004.11.15"]
[SourceQuality "1"]
[WhiteTeam "Muenster III"]
[BlackTeam "Bocholt"]
[WhiteTeamCountry "GER"]
[BlackTeamCountry "GER"]

1. Nf3 d5 2. g3 g6 3. Bg2 Bg7 4. d4 Nf6 5. 0-0 0-0 6. c4 c6 7. cxd5 cxd5 8. Qb3 Ne4 9. Nc3 Nxc3 10. bxc3 Nc6 11. Nd2 e6 12. Ba3 Re8 13. e4 Na5 14. Qc2 b6 15. Rfe1 Bb7 16. e5 Rc8 17. Bf1 Qc7 18. Bb5 Bc6 19. Ba6 Bb7 20. Bb5 Bc6 1/2-1/2

[Event "Muensterland Verbandsliga 0304"]
[Site "Germany"]
[Date "2004.01.10"]
[Round "5.8"]
[White "Speer, Dominik"]
[Black "Eckmann, Karsten"]
[Result "1-0"]
[WhiteElo "1804"]
[BlackElo "1586"]
[PlyCount "41"]
[EventDate "2003.09.27"]
[EventType "team"]
[EventRounds "9"]
[EventCountry "GER"]
[SourceTitle "EXT 2005"]
[Source "ChessBase"]
[SourceDate "2004.11.15"]
[SourceVersion "1"]
[SourceVersionDate "2004.11.15"]
[SourceQuality "1"]
[WhiteTeam "Muenster III"]
[BlackTeam "Olfen"]
[WhiteTeamCountry "GER"]
[BlackTeamCountry "GER"]

1. Nf3 Nf6 2. g3 d5 3. Bg2 Bf5 4. 0-0 e6 5. d4 Bd6 6. c4 c6 7. Nbd2 0-0 8. Nh4 Bg4 9. h3 Bh5 10. Re1 g5 11. Nhf3 Nfd7 12. Qb3 b6 13. cxd5 exd5 14. e4 f6 15. Nh2 Re8 16. e5 fxe5 17. Bxd5+ Kh8 18. Ndf3 h6 19. Bf7 Bxf7 20. Qxf7 Re7 21. Qh5 1-0